|
|
|
|
| LEADER |
01055cam a2200325 i 4500 |
| 001 |
000046376 |
| 003 |
5839 |
| 005 |
20180118101734.0 |
| 008 |
010220b2000 vm 000 eng |
| 020 |
|
|
|a 0471376396
|
| 040 |
|
|
|a LRCC
|c LRCC
|d LRCC
|
| 041 |
0 |
|
|a eng
|
| 082 |
1 |
4 |
|a 658.8002854678
|b Ex-G
|
| 245 |
0 |
0 |
|a Executive's guide to e-business :
|b from tactics to strategy.
|
| 260 |
|
|
|a New York :
|b John Wiley and sons,
|c 2000.
|
| 300 |
|
|
|a xxvii, 272p. :
|b ill.
|
| 630 |
0 |
4 |
|a Electronic commerce.
|
| 650 |
0 |
4 |
|a Electronic commerce.
|
| OWN |
|
|
|a DUT
|
| AVA |
|
|
|a UDN50
|b DUT
|c Book
|d 658.8002854678 Ex-G
|e available
|t Error 5001 Not defined in file expand_doc_bib_avail.
|f 1
|g 0
|h N
|i 0
|j SH
|k 1
|
| 999 |
|
|
|a From the UDN01
|
| AVA |
|
|
|a UDN50
|b DUT
|c Book
|d 658.8002854678 Ex-G
|e available
|t Error 5001 Not defined in file expand_doc_bib_avail.
|f 1
|g 0
|h N
|i 0
|j SH
|k 1
|
| TYP |
|
|
|a Monograph
|
| TYP |
|
|
|a Printed language
|
| 980 |
|
|
|a Mạng thư viện Đại học Đà Nẵng
|